Novelas / (Record no. 179955)

MARC details
000 -LEADER
campo de control de longitud fija 00890nam a2200229 i 4500
001 - NÚMERO DE CONTROL
campo de control 179955
003 - IDENTIFICADOR DE NÚMERO DE CONTROL
campo de control ES-MaACL
005 - FECHA Y HORA DE LA ÚLTIMA TRANSACCIÓN
campo de control 20260203063033.0
008 - DATOS DE LONGITUD FIJA--INFORMACIÓN GENERAL
campo de control de longitud fija 120307m20072008sp |||| | spa d
020 ## - NÚMERO INTERNACIONAL ESTÁNDAR DEL LIBRO
Número Internacional Estándar del Libro 978-84-96452-42-8
080 ## - NÚMERO DE LA CLASIFICACIÓN DECIMAL UNIVERSAL
Número de la Clasificación Decimal Universal 821.134.2-31"19"
100 1# - ENTRADA PRINCIPAL--NOMBRE DE PERSONA
Nombre de persona Agustí, Ignacio,
Fechas asociadas al nombre 1913-1974
9 (RLIN) 18909
245 10 - MENCIÓN DEL TÍTULO
Título Novelas /
Mención de responsabilidad, etc. Ignacio Agustí ; [edición y prólogo de Sergi Doria].
260 ## - PUBLICACIÓN, DISTRIBUCIÓN, ETC.
Lugar de publicación, distribución, etc. Madrid :
Nombre del editor, distribuidor, etc. Fundación José Antonio Castro,
Fecha de publicación, distribución, etc. 2007-2008.
300 ## - DESCRIPCIÓN FÍSICA
Extensión 4 v. ;
Dimensiones 23 cm.
490 1# - MENCIÓN DE SERIE
Mención de serie Biblioteca Castro
505 8# - NOTA DE CONTENIDO CON FORMATO
Nota de contenido con formato Contiene: 1: Los surcos. La ceniza fue árbol: Mariona Rebull. El viudo Rius -- 2: La ceniza fue árbol: Desiderio -- 3: La ceniza fue árbol: 19 de julio -- 4: La ceniza fue árbol: Guerra civil
700 1# - ENTRADA AGREGADA--NOMBRE PERSONAL
Nombre de persona Doria, Sergi.
9 (RLIN) 141821
830 0# - PUNTO DE ACCESO ADICIONAL DE SERIE-TÍTULO UNIFORME
Título uniforme Biblioteca Castro
9 (RLIN) 178957
852 ## - LOCALIZACIÓN
Ubicación ES-MaACL
Número de control de estantería L-29831-34
Holdings
Estatus retirado Estado de pérdida Estado de daño No para préstamo Biblioteca de origen Biblioteca actual Ubicación en estantería Fecha de adquisición Fuente de adquisición Total de préstamos Signatura topográfica completa Código de barras Visto por última vez Precio de reemplazo Tipo de ítem Koha
        Biblioteca del Ateneo de Madrid Biblioteca del Ateneo de Madrid Depósito 2 07/03/2012     L-29831-34 1189056 23/02/2023 23/02/2023 Libro impreso